[Event "CZE-chT U18 Extraliga final-B 1617"]
[Site "Czech Republic"]
[Date "2017.04.23"]
[Round "11.2"]
[White "Balek, Filip"]
[Black "Nehyba, Martin"]
[Result "1-0"]
[WhiteElo "1712"]
[BlackElo "2066"]
[PlyCount "61"]
[EventDate "2016.10.01"]
[EventType "team-tourn"]
[EventRounds "11"]
[EventCountry "CZE"]
[SourceTitle "EXT 2022"]
[Source "ChessBase"]
[SourceDate "2021.10.06"]
[SourceVersion "1"]
[SourceVersionDate "2021.10.06"]
[SourceQuality "1"]
[WhiteTeam "Bustehrad U18"]
[BlackTeam "Hostalkova U18"]
[WhiteTeamCountry "CZE"]
[BlackTeamCountry "CZE"]

1. e4 c5 2. Nf3 Nc6 3. d4 cxd4 4. Nxd4 e5 5. Nf3 Nf6 6. Bc4 Be7 7. Nc3 0-0 8. 0-0 d6 9. h3 Be6 10. Bb3 Qd7 11. Be3 Rac8 12. Qe2 Rfd8 13. Rad1 h6 14. Rd2 Bxb3 15. axb3 Qe6 16. Rfd1 a6 17. Kh1 Nb8 18. Bb6 Rd7 19. Nd5 Nxd5 20. exd5 Qf6 21. Rd3 Bd8 22. Bxd8 Rdxd8 23. c4 Nd7 24. Nd2 Re8 25. Qg4 Nf8 26. Ne4 Qe7 27. Rg3 f6 28. Nxd6 h5 29. Nxc8 Qc7 30. Qf3 Rxc8 31. Qxf6 1-0

[Event "CZE-chT U18 Extraliga West 1617"]
[Site "Czech Republic"]
[Date "2016.10.01"]
[Round "2.2"]
[White "Jelinek, Michal"]
[Black "Balek, Filip"]
[Result "1-0"]
[WhiteElo "2101"]
[BlackElo "1712"]
[PlyCount "53"]
[EventDate "2016.10.01"]
[EventType "team-tourn"]
[EventRounds "11"]
[EventCountry "CZE"]
[SourceTitle "EXT 2022"]
[Source "ChessBase"]
[SourceDate "2021.10.06"]
[SourceVersion "1"]
[SourceVersionDate "2021.10.06"]
[SourceQuality "1"]
[WhiteTeam "Praha Oaza U18"]
[BlackTeam "Bustehrad U18"]
[WhiteTeamCountry "CZE"]
[BlackTeamCountry "CZE"]

1. d4 d5 2. c4 e6 3. Nc3 Nf6 4. cxd5 exd5 5. Bg5 Be7 6. e3 c6 7. Bd3 Bg4 8. Qc2 Nbd7 9. f3 Be6 10. Nge2 c5 11. 0-0 c4 12. Bf5 Bxf5 13. Qxf5 Nb6 14. Rad1 0-0 15. e4 dxe4 16. fxe4 Re8 17. e5 Nfd7 18. Qxf7+ Kh8 19. Bxe7 Qxe7 20. Qxe7 Rxe7 21. Nf4 Rd8 22. e6 Nf6 23. d5 Kg8 24. d6 Ree8 25. e7 Rd7 26. Ne6 Na8 27. Nc5 1-0

[Event "Klatovy op-B"]
[Site "Klatovy"]
[Date "2013.07.06"]
[Round "8"]
[White "Severin, Lev"]
[Black "Balek, Filip"]
[Result "0-1"]
[WhiteElo "2053"]
[BlackElo "1597"]
[PlyCount "58"]
[EventDate "2013.06.29"]
[EventType "swiss"]
[EventRounds "9"]
[EventCountry "CZE"]
[SourceTitle "EXT 2014"]
[Source "ChessBase"]
[SourceDate "2013.11.20"]
[SourceVersion "1"]
[SourceVersionDate "2013.11.20"]
[SourceQuality "1"]

1. e4 c6 2. d4 d5 3. e5 Bf5 4. Bd3 Bxd3 5. Qxd3 e6 6. Nf3 Ne7 7. Nc3 Nf5 8. Be3 Be7 9. 0-0-0 Nd7 10. Kb1 Nb6 11. Nd2 Qc7 12. g4 Nxe3 13. fxe3 0-0-0 14. Rdf1 f6 15. exf6 Bxf6 16. h4 h6 17. Qg6 Qg3 18. Rf3 Qg2 19. Rd1 Nc4 20. Nxc4 Qxf3 21. Ne5 Bxe5 22. dxe5 Qxe3 23. Qxe6+ Kb8 24. Qe7 Qf3 25. Qxg7 d4 26. Rd3 Qh1+ 27. Rd1 Qxh4 28. Ne2 Rhg8 29. Qf6 Qxg4 0-1

[Event "Mlada Boleslav Region-ch U20"]
[Site "Mlada Boleslav"]
[Date "2013.06.22"]
[Round "2"]
[White "Balek, Filip"]
[Black "Homola, Martin"]
[Result "0-1"]
[WhiteElo "1597"]
[BlackElo "1451"]
[PlyCount "45"]
[EventDate "2013.06.22"]
[EventType "swiss"]
[EventRounds "7"]
[EventCountry "CZE"]
[SourceTitle "EXT 2015"]
[Source "ChessBase"]
[SourceDate "2014.11.20"]
[SourceVersion "1"]
[SourceVersionDate "2014.11.20"]
[SourceQuality "1"]

1. e4 e5 2. Nf3 Nc6 3. Bb5 d6 4. h3 Nf6 5. d3 Bd7 6. Bg5 Be7 7. c3 0-0 8. 0-0 h6 9. Bh4 a6 10. Ba4 Nh7 11. Bxe7 Qxe7 12. Re1 Ng5 13. Nbd2 Rfe8 14. Nxg5 Qxg5 15. Nf3 Qg6 16. Kh2 f5 17. exf5 Qxf5 18. Qb3+ Kh8 19. Qxb7 Qf4+ 20. Kh1 Qxa4 21. Qxc7 a5 22. Qxd6 Bxh3 23. Qc7 0-1

[Event "Mlada Boleslav Region-ch U20"]
[Site "Mlada Boleslav"]
[Date "2012.06.24"]
[Round "7"]
[White "Nova, Michaela"]
[Black "Balek, Filip"]
[Result "0-1"]
[WhiteElo "1313"]
[BlackElo "1441"]
[PlyCount "69"]
[EventDate "2012.06.23"]
[EventType "swiss"]
[EventRounds "7"]
[EventCountry "CZE"]
[SourceTitle "EXT 2014"]
[Source "ChessBase"]
[SourceDate "2013.11.20"]
[SourceVersion "1"]
[SourceVersionDate "2013.11.20"]
[SourceQuality "1"]

1. e4 e5 2. Nf3 Nc6 3. d4 exd4 4. Nxd4 Qf6 5. Be3 Bc5 6. c3 Nge7 7. Be2 0-0 8. 0-0 Ne5 9. Qd2 N7g6 10. Bg5 Qd6 11. Nb3 Qb6 12. Bh5 h6 13. Bxg6 Qxg6 14. Nxc5 hxg5 15. Qe2 Qh6 16. Nd2 g6 17. Nf3 Nxf3+ 18. Qxf3 d6 19. Nb3 Kg7 20. Rad1 Rh8 21. h3 g4 22. Qg3 gxh3 23. Qh2 Qg5 24. g3 Bg4 25. Rd5 Qf6 26. f4 Be6 27. Rg5 Rae8 28. Re1 Bd7 29. e5 dxe5 30. Rexe5 Rxe5 31. Rxe5 Qb6+ 32. Kf1 Bb5+ 33. Ke1 Bc6 34. Re2 Bf3 35. Re5 0-1